| 000 | 00336nam a2200133Ia 4500 | ||
|---|---|---|---|
| 008 | 230312s9999||||xx |||||||||||||| ||und|| | ||
| 082 |
_a657.48 _bADV |
||
| 245 | 0 | _aAdvanced financial accounting | |
| 260 |
_bFoulks Lynch Ltd _aUK _c1997 |
||
| 300 | _a118 | ||
| 546 | _aEng. | ||
| 650 |
_aAccounting _vconcepts, ,terms , bends |
||
| 942 | _cBK | ||
| 999 |
_c4971 _d4971 |
||